000 00365nam a2200133 a 4500
005 20140412111245.0
008 010417s19uu xx 00 eng d
050 _aM 677
_bTw969 19_?
245 _aTwenty two things to do: with fabrics.
260 _aMakati, Manila :
_bBasic Media Systems, Inc.
300 _a47p. ; ill.
650 _aExperiemts
999 _c102892
_d102892